Top 15 non-English Languages by State (Arizona) - Statistics

General Stats
  • This quiz has been taken 19 times
  • The average score is 12 of 15
Answer Stats
Answer % Correct
Arabic
100%
Chinese
100%
French
100%
German
100%
Korean
100%
Spanish
100%
Vietnamese
100%
Japanese
95%
Russian
95%
Tagalog
84%
Thai
84%
Navajo
79%
Persian
68%
Serbo-Croatian
26%
Syriac
5%
No matching quizzes found
Score Distribution
Percent of People with Each Score
Percentile by Number Answered
Your Score History
You have not taken this quiz